UBT Library

Animal rights and the law / (Record no. 43343)

000 -LEADER
fixed length control field 00604cam a2200229 a 4500
001 - CONTROL NUMBER
control field 950619
005 - DATE AND TIME OF LATEST TRANSACTION
control field 20180224025514.0
008 - FIXED-LENGTH DATA ELEMENTS--GENERAL INFORMATION
fixed length control field 840112s1984 enk b 001 0 eng
010 ## - LIBRARY OF CONGRESS CONTROL NUMBER
LC control number 84002245
020 ## - INTERNATIONAL STANDARD BOOK NUMBER
International Standard Book Number 0379111470 (U.S.) :
Terms of availability $7.50
040 ## - CATALOGING SOURCE
Original cataloging agency DLC
Transcribing agency DLC
Modifying agency DLC
041 ## - LANGUAGE CODE
Language code of text/sound track or separate title eng
043 ## - GEOGRAPHIC AREA CODE
Geographic area code n-us---
080 ## - UNIVERSAL DECIMAL CLASSIFICATION NUMBER
Universal Decimal Classification number 346.7304
082 00 - DEWEY DECIMAL CLASSIFICATION NUMBER
Classification number 346.7304 MOR
-- 347.30646954
Edition number 19
100 1# - Rafti
Rafti 15
101 ## - Shkurtesa
Shkurtesa SHJ
245 10 - TITLE STATEMENT
Title Animal rights and the law /
Statement of responsibility, etc by Daniel S. Moretti.
504 ## - BIBLIOGRAPHY, ETC. NOTE
Bibliography, etc Bibliography: p. 143-146.
906 ## - LOCAL DATA ELEMENT F, LDF (RLIN)
a 7
b cbc
c orignew
d 1
e ocip
f 19
g y-gencatlg
942 ## - ADDED ENTRY ELEMENTS (KOHA)
Source of classification or shelving scheme
Item type Books
Holdings
Withdrawn status Lost status Source of classification or shelving scheme Damaged status Not for loan Collection code Permanent location Current location Shelving location Date acquired Total Checkouts Full call number Barcode Date last seen Price effective from Koha item type
          Koleksioni i përgjithshem UBT - Lipjan UBT - Lipjan Koleksioni i përgjithshem 02/24/2018   346.7304 MOR 002-2999651 02/24/2018 02/24/2018 Books
UBT Library © 2015-2024. All rights reserved University Education for Business and Technology